000 00602cam a2200157 4500500
005 20260329004722.0
041 _afre
042 _adc
100 1 0 _aN’Diaye, Aïda
_eauthor
245 0 0 _a22 Leçons de philosophie par et pour les mauvaises filles, les goudous, les travelos, les couires, les petits pédés et les grandes folles
260 _c2020.
500 _a49
690 _aAlain Guyard
786 0 _nPhilosophie magazine | 145 | 1 | 2020-12-01 | p. 84-84 | 1951-1787
856 4 1 _uhttps://shs.cairn.info/magazine-philosophie-magazine-2020-12-1-page-84?lang=fr&redirect-ssocas=7080
999 _c1836603
_d1836603